| 000 | 00522nam a2200145 4500 | ||
|---|---|---|---|
| 999 |
_c10366 _d10366 |
||
| 008 | 180823b ||||| |||| 00| 0 eng d | ||
| 022 | _a16565649 | ||
| 082 | _aDPer 303.405 H22 June -Sept 2016 v.12 n. 7-10 | ||
| 100 |
_930493 _aLabaco, Chester. |
||
| 245 |
_aToshiba Q300: _bswitching from spinning rust. _cChester Labaco. |
||
| 260 |
_aQuezon City: _bHardware Zone Phils. Corp., _c©June -Sept 2016. |
||
| 300 |
_av12 n7, page 49: _billutsrations; _c28 cm. |
||
| 650 | 0 |
_930494 _aComputer storage devices. |
|
| 942 |
_2ddc _cPER |
||